Most Common Last Name in Every Country - Statistics

General Stats
  • This quiz has been taken 66 times
  • The average score is 27 of 196
Answer Stats
Country Letter Answer % Correct
Australia | Canada | Ireland | +3 others S Smith
98%
Marshall Islands | Papua New Guinea J John
72%
Afghanistan M Mohammad
54%
Andorra | Ecuador | Spain G Garcia
47%
North Korea | South Korea K Kim
46%
France M Martin
46%
Vietnam N Nguyen
46%
Trinidad and Tobago M Mohammed
44%
Taiwan C Chen
39%
Guatemala | Nicaragua L Lopez
39%
El Salvador | Honduras | Mexico H Hernandez
37%
Colombia | Costa Rica | Cuba | +3 others R Rodriguez
37%
Germany | Switzerland M Müller
35%
China W Wang
35%
Belize M Martinez
33%
Bahrain | Eritrea | Kuwait | +5 others A Ali
32%
Belarus | Bulgaria I Ivanov
30%
Pakistan | Saudi Arabia K Khan
30%
Italy | Monaco R Rossi
25%
Saint Kitts and Nevis | Saint Vincent and the Grenadines W Williams
25%
Mauritania B Ba
23%
Jamaica B Brown
23%
Israel C Cohen
21%
Argentina | Chile | Paraguay | Venezuela G Gonzalez
19%
Norway H Hansen
19%
Haiti J Jean
18%
Suriname L Lin
16%
Sudan A Ahmed
14%
Denmark J Jensen
12%
Grenada C Charles
11%
Sweden J Johansson
11%
Comoros | Djibouti | Egypt | +3 others M Mohamed
11%
Japan S Sato
11%
Portugal S Silva
11%
Russia I Ivanova
9%
Antigua and Barbuda | Dominica | Saint Lucia J Joseph
9%
Slovenia N Novak
9%
Greece P Papadopoulos
9%
Brazil D Da Silva
7%
Netherlands D De Jong
7%
Serbia J Jovanović
7%
Finland K Korhonen
7%
Albania H Hoxha
5%
Fiji K Kumar
5%
Cape Verde L Lopes
5%
Luxembourg S Schmit
5%
Estonia T Tamm
5%
Malaysia | Singapore T Tan
5%
India D Devi
4%
Sao Tome and Principe F Fernandes
4%
Lithuania K Kazlauskas
4%
Turkey Y Yılmaz
4%
Vatican City B Bachmann
2%
Philippines D Dela Cruz
2%
South Sudan D Deng
2%
Guinea-Bissau G Gomes
2%
Austria G Gruber
2%
Bosnia and Herzegovina H Hodžić
2%
Nigeria I Ibrahim
2%
Namibia J Johannes
2%
Iceland J Jónsdóttir
2%
Croatia K Knežević
2%
Azerbaijan M Mammadova
2%
Federated States of Micronesia M Mori
2%
Poland N Nowak
2%
Sri Lanka P Perera
2%
Romania P Popa
2%
Montenegro P Popović
2%
Bahamas R Rolle
2%
Nauru S Scotty
2%
North Macedonia S Stojanovski
2%
Ethiopia T Tesfaye
2%
Niger A Abdou
0%
Morocco A Ait
0%
Togo A Akakpo
0%
Uganda A Akello
0%
Bangladesh A Akter
0%
Jordan A Allahtari
0%
Tuvalu A Apinelu
0%
Malawi B Banda
0%
Mauritius B Beeharry
0%
Georgia B Beridze
0%
Latvia B Berzina
0%
Benin B Bio
0%
Malta B Borg
0%
Liechtenstein B Büchel
0%
Nepal C Caudhari
0%
Turkmenistan C Charyeva
0%
Barbados C Clarke
0%
Guinea D Diallo
0%
Eswatini | South Africa D Dlamini
0%
Bhutan D Dorji
0%
Lebanon E El Din
0%
Mongolia G Ganbold
0%
San Marino G Gasperoni
0%
Cyprus G Georgiou
0%
Armenia G Grigoryan
0%
Brunei H Haji
0%
Cameroon H Hamadou
0%
Seychelles H Hoareau
0%
Democratic Republic of the Congo I Ilunga
0%
Laos I Inthavong
0%
Kiribati I Ioane
0%
Kyrgyzstan I Ismailova
0%
Gambia J Jallow
0%
Tanzania J Juma
0%
Sierra Leone K Kamara
0%
Uzbekistan K Karimov
0%
Kazakhstan K Kenes
0%
Syria K Khaled
0%
Liberia K Kollie
0%
Ivory Coast K Kone
0%
Kosovo K Krasniqi
0%
Mozambique L Langa
0%
Tonga L Latu
0%
Solomon Islands M Mae
0%
Chad M Mahamat
0%
Bolivia M Mamani
0%
Angola M Manuel
0%
Myanmar M Maung
0%
Ukraine M Melnyk
0%
Ghana M Mensah
0%
Samoa M Meredith
0%
Iran M Mohammadi
0%
Lesotho M Mohapi
0%
Botswana M Molefe
0%
Central African Republic M Moussa
0%
Zimbabwe M Moyo
0%
Senegal N Ndiaye
0%
Gabon N Ndong
0%
Congo N Ngoma
0%
Equatorial Guinea N Nguema
0%
Burundi N Nkurunziza
0%
Czech Republic N Nováková
0%
Kenya O Otieno
0%
Burkina Faso O Ouedraogo
0%
Belgium P Peeters
0%
Guyana P Persaud
0%
Zambia P Phiri
0%
Peru Q Quispe
0%
Madagascar R Rakotomalala
0%
Moldova R Rusu
0%
Thailand S Saetang
0%
Algeria S Saidi
0%
Indonesia S Sari
0%
Tajikistan S Sharipova
0%
East Timor S Soares
0%
Cambodia S Sok
0%
Vanuatu T Tari
0%
Palau T Tellei
0%
Hungary T Tóth
0%
Tunisia T Trabelsi
0%
Mali T Traore
0%
Rwanda U Uwiwana
0%
Slovakia V Varga
0%
No matching quizzes found
Score Distribution
Percent of People with Each Score
Percentile by Number Answered
Your Score History
You have not taken this quiz